Rozpoznaj film po opisie #8 - Statystyki

Ogólne statystyki
  • Ten quiz został rozwiązany 24 razy
  • Średni wynik to 5 z 10
Statystyki odpowiedzi
Opis filmu Tytuł % Poprawnych
Po zdradzieckiej śmierci swojego cesarza, doświadczony generał zostaje uwięziony, a jego rodzina zamordowana. Jako niewolnik trafia na arenę, gdzie musi walczyć o życie, stając się jednym z najbardziej rozpoznawalnych gladiatorów w Imperium Rzymskim. Wkrótce jego celem staje się nie tylko walka o przetrwanie, ale także zemsta na tych, którzy zniszczyli jego życie. Z pomocą nowych przyjaciół, walczy o sprawiedliwość i honor, stając w opozycji do tyrana, który przejął władzę. Gladiator
96%
Młoda dziewczyna, której rodzina zostaje zamordowana przez skorumpowanych funkcjonariuszy, zostaje uratowana przez samotnego zabójcę na wynajem, żyjącego w Nowym Jorku. Mężczyzna, znany jako Leon, jest mistrzem w swoim fachu, ale jego życie zmienia się, gdy postanawia opiekować się dziewczyną i wprowadzić ją w świat zabójców. Wkrótce stają przed wspólnym wrogiem – bezwzględnym policjantem, który nie cofnie się przed niczym, by ich zniszczyć. Film to historia nietypowej więzi między dwoma osobami, które uczą się, jak radzić sobie z traumą i szukać odkupienia. Leon zawodowiec
92%
W trakcie II wojny światowej, po brutalnej bitwie na Normandii, kapitan Miller zostaje przydzielony do zadania, które wydaje się niemożliwe — musi odnaleźć i sprowadzić do domu żołnierza, którego trzej bracia zginęli na froncie. Ryan, młody żołnierz, jest jedynym ocalałym z rodziny, a jego matka nie chce stracić kolejnego syna. Miller i jego oddział wyruszają w niebezpieczną misję, pełną nieoczekiwanych trudności, starając się połączyć obowiązek z humanitaryzmem w obliczu wojennego chaosu. Film ukazuje brutalność wojny oraz poświęcenie i braterstwo żołnierzy. Szeregowiec Ryan
79%
W średniowiecznej Szkocji młody wojownik, po brutalnym zabójstwie swojej żony, postanawia stanąć do walki przeciwko angielskim okupantom, którzy zniewolili jego kraj. Jako lider powstania, zdobywa serca rodaków, prowadząc ich w heroicznych bitwach w obronie wolności. Jego walka staje się symbolem narodowego oporu, a jego męczeńska śmierć inspiruje kolejne pokolenia do walki o niepodległość. Film ukazuje nie tylko bohaterskie czyny, ale także ogromne poświęcenie i walkę o honor oraz wolność. Braveheart - Waleczne Serce
63%
Młody chłopiec, Miguel, marzy o zostaniu muzykiem, choć jego rodzina od pokoleń zabrania mu grać, ponieważ muzyka jest zakazana w ich domu. Kiedy Miguel przypadkowo trafia do Krainy Zmarłych podczas obchodów Dnia Zmarłych, odkrywa, że jego przodkowie mieli swoje własne tajemnice. W tej magicznej podróży Miguel spotyka dawnego muzyka, który staje się kluczem do rozwiązania zagadki jego rodziny. Film ukazuje potęgę pamięci, rodzinnych więzi oraz znaczenie świąt upamiętniających zmarłych, wplecionych w kolorową, muzyczną przygodę. Coco
50%
Dwoje detektywów zostaje wysłanych na odległą wyspę, by zbadać zniknięcie pacjentki z psychiatrycznego szpitala, który znajduje się na wyspie. W trakcie śledztwa, które staje się coraz bardziej mroczne, odkrywają, że na wyspie kryją się mroczne tajemnice, a rzeczywistość zaczyna się rozmywać. Detektywi są zmuszeni zmierzyć się z własnymi demonami, a prawda, którą odkrywają, jest tak przerażająca, że może całkowicie zmienić ich życie. Film jest pełen nieoczekiwanych zwrotów akcji i psychologicznego napięcia. Wyspa tajemnic
38%
Młody imigrant z Kuby, Tony Montana, przybywa do Miami z zamiarem zdobycia władzy i bogactwa. Początkowo pracując dla lokalnego bossa narkotykowego, stopniowo zyskuje jego zaufanie, by wkrótce przejąć kontrolę nad jego imperium. Tony staje się coraz bardziej brutalny i żądny władzy, nie cofając się przed niczym, aby osiągnąć swoje cele. Jego bezwzględność oraz obsesja na punkcie sukcesu prowadzą go do zguby, a jego życie staje się jednym wielkim ciągiem przemocy, zdrady i nieustającej chęci zdobycia większej władzy. Człowiek z blizną
33%
Historia o nieoczekiwanej przyjaźni między czarnoskórym pianistą klasycznym i jego białym kierowcą, który zostaje zatrudniony, by towarzyszyć mu podczas koncertów w południowych Stanach Zjednoczonych lat 60-tych. Mimo początkowych różnic, napięć rasowych i społecznych, mężczyźni nawiązują więź, ucząc się nawzajem o swoich światach, uprzedzeniach i wartościach. Film ukazuje nie tylko barierę rasową, ale także siłę przyjaźni i zrozumienia w trudnych czasach. Green Book
29%
Młody mężczyzna, po brutalnym napadzie, trafia do więzienia, gdzie szybko zdobywa reputację dzięki swojej silnej postawie i umiejętnościom walki. Tam poznaje brutalną rzeczywistość amerykańskiego systemu penitencjarnego, a także siłę rasizmu, który panuje wśród więźniów. Po kilku latach spędzonych za kratkami, postanawia zmienić swoje życie i, korzystając z wpływów w więzieniu, stara się wyplenić nienawiść, którą sam przez długi czas pielęgnował. To historia o przemianie, wewnętrznej walce i próbie odkupienia win. Więzień nienawiści
8%
Młody chłopak, który dorasta w zamożnej rodzinie, nie potrafi odnaleźć swojego miejsca w życiu. Po spotkaniu z nietypowym nauczycielem, który zachęca go do samodzielnego myślenia i podjęcia własnych decyzji, chłopak zaczyna kwestionować wartości, które przekazywali mu rodzice. Wkrótce postanawia podjąć ryzyko, zostawić wszystko za sobą i rozpocząć nowe życie, które prowadzi go na nieoczekiwane drogi. To film o poszukiwaniach sensu życia, odwadze do zmiany i wewnętrznym buncie przeciwko oczekiwaniom społecznym. Buntownik z wyboru
4%
Nie znaleziono quizów pasujących do podanych kryteriów
Rozkład punktacji
Procent ludzi z każdym wynikiem
Percentyl według liczby udzielonych odpowiedzi
Twoja historia wyników
Nie rozwiązałeś tego quizu